| 000 | 00898ctm a22001935a 4500 | ||
|---|---|---|---|
| 001 | L140777 | ||
| 008 | 071011s1829 xxk eng u | ||
| 035 | _a(Sirsi) u140777 | ||
| 041 | 0 | _aeng | |
| 245 | 0 | 0 |
_aArticles of agreement made this 12th day of June 1829 between John Harris Langdon of Cold Harbour Andover in the county of Southampton, squire, for himself his heirs, executors and administrators of the one part and Robert Dowling of Clatford Hill in the same county, gentleman, for himself his heirs, executors and administrators... _h[manuscript] |
| 260 | _c1829 | ||
| 300 |
_a[4] p. _c33 x 21 cm. |
||
| 351 | _cSingle item | ||
| 500 | _aItem related to the sale of the premises called the Cold Harbour in Andover by John Harris Langdon to Robert Dowling. | ||
| 650 | _aACQUISITION AND DISPOSAL BY PRIVATE TREATY | ||
| 651 | 4 | _aHampshire | |
| 690 | _aPROPERTY | ||
| 942 |
_n0 _2ddc |
||
| 999 |
_c116472 _d116472 |
||